Score 0/7 Timer 03:00
0 Plays Today
Question Answer Wrong Answers
This English author, creator of the fictional detectives Hercule Poirot and Miss Marple, dies at the age of 85 in Oxfordshire.
1976
Agatha Christie
89.2%
Dorothy L. Sayers
1.4%
Arthur Conan Doyle
5.2%
P.D. James
1.6%
Mahatma Gandhi begins his final six-day ______ to protest religious violence.
1948
Fast
82.1%
March
13%
Speech
1%
Strike
3.1%
The U.S. Congress passes a joint resolution authorizing the use of military force to drive Iraq out of this country.
1991
Kuwait
80.8%
Iran
9.8%
Syria
4.6%
Israel
2.1%
The city of Belém, in this modern country, is founded on the Amazon delta by Portuguese captain Francisco Caldeira Castelo Branco.
1616
Brazil
76.2%
Bolivia
8.9%
Venezuela
7.2%
Colombia
7.5%
All in the Family, starring this actor as Archie Bunker, makes its debut on CBS.
1971
Carroll O'Connor
74.5%
Rob Reiner
8.8%
Lee Majors
5.6%
Tony Randall
9.6%
A grand jury indicts the Harrisburg Seven for conspiring to kidnap this member of Richard Nixon's cabinet.
1971
Henry Kissinger
66.8%
John Foster Dulles
8.5%
Warren Christopher
8.6%
H.R. Haldeman
14.2%
Singer Melanie Chisholm, better known by this nickname, is born in Merseyside, England.
1974
Sporty Spice
48%
Baby Spice
15.3%
Posh Spice
14.8%
Ginger Spice
19.6%
Remove Ads.
Support Sporcle.
Get the best of Sporcle when you Go Orange. This ad-free experience offers more features, more stats, and more fun while also helping to support Sporcle. Thank you for becoming a member.

You're not logged in!

Compare scores with friends on all Sporcle quizzes.
OR
Log In

Show Comments

Extras

Top Quizzes Today


Score Distribution

Your Account Isn't Verified!

In order to create a playlist on Sporcle, you need to verify the email address you used during registration. Go to your Sporcle Settings to finish the process.

Report this User

Report this user for behavior that violates our Community Guidelines.

Details: